| 000 | 00387cam a22001097a 4500 | ||
|---|---|---|---|
| 008 | 180718b1963 xxu||||| |||| 00| 0 eng d | ||
| 082 | _aR16x73 Un3 | ||
| 245 |
_aPrivate employment: a report _cby President's Commission on the Status of Women |
||
| 260 |
_aWashington _bU.S. Government Printing Office _c1963 |
||
| 300 | _av, 55p | ||
| 700 | _aU.S. President's Commission on the Status of Women | ||
| 999 |
_c495855 _d495855 |
||